UBT Library

Options demystified / (Record no. 711)

000 -LEADER
fixed length control field 00280nam a22001217a 4500
008 - FIXED-LENGTH DATA ELEMENTS--GENERAL INFORMATION
fixed length control field xxu||||| |||| 00| 0 eng d
020 ## - INTERNATIONAL STANDARD BOOK NUMBER
International Standard Book Number 9780071750875
020 ## - INTERNATIONAL STANDARD BOOK NUMBER
International Standard Book Number 0071750878
041 0# - LANGUAGE CODE
Language code of text/sound track or separate title eng
080 ## - UNIVERSAL DECIMAL CLASSIFICATION NUMBER
Universal Decimal Classification number 336
245 10 - TITLE STATEMENT
Title Options demystified /
Statement of responsibility, etc by Thomas McCafferty.
942 ## - ADDED ENTRY ELEMENTS (KOHA)
Source of classification or shelving scheme
Item type Books
Holdings
Withdrawn status Lost status Source of classification or shelving scheme Damaged status Not for loan Collection code Permanent location Current location Shelving location Date acquired Total Checkouts Full call number Barcode Date last seen Koha item type Price effective from
          Koleksioni i përgjithshem UBT - Lipjan UBT - Lipjan Koleksioni i përgjithshem 04/20/2015   336 MCC 002-022468 04/20/2015 Books  
          Koleksioni i përgjithshem UBT - Lipjan UBT - Lipjan Koleksioni i përgjithshem 03/10/2016   336 MCC 002-023120 03/10/2016 Books 03/10/2016
          Koleksioni i përgjithshem UBT - Lipjan UBT - Lipjan Koleksioni i përgjithshem 03/10/2016   336 MCC 002-023121 03/10/2016 Books 03/10/2016
          Koleksioni i përgjithshem UBT - Lipjan UBT - Lipjan Koleksioni i përgjithshem 03/10/2016   336 MCC 002-023122 03/10/2016 Books 03/10/2016
          Koleksioni i përgjithshem UBT - Lipjan UBT - Lipjan Koleksioni i përgjithshem 03/10/2016   336 MCC 002-022993 03/10/2016 Books 03/10/2016
          Koleksioni i përgjithshem UBT - Lipjan UBT - Lipjan Koleksioni i përgjithshem 03/10/2016   336 MCC 002-022994 03/10/2016 Books 03/10/2016
          Koleksioni i përgjithshem UBT - Lipjan UBT - Lipjan Koleksioni i përgjithshem 03/10/2016   336 MCC 002-022995 03/10/2016 Books 03/10/2016
          Koleksioni i përgjithshem UBT - Lipjan UBT - Lipjan Koleksioni i përgjithshem 03/10/2016   336 MCC 002-022996 03/10/2016 Books 03/10/2016
          Koleksioni i përgjithshem UBT - Lipjan UBT - Lipjan Koleksioni i përgjithshem 03/10/2016   336 MCC 002-022997 03/10/2016 Books 03/10/2016
          Koleksioni i përgjithshem UBT - Lipjan UBT - Lipjan Koleksioni i përgjithshem 03/10/2016   336 MCC 002-022998 03/10/2016 Books 03/10/2016
          Koleksioni i përgjithshem UBT - Lipjan UBT - Lipjan Koleksioni i përgjithshem 03/10/2016   336 MCC 002-022999 03/10/2016 Books 03/10/2016
          Koleksioni i përgjithshem UBT - Lipjan UBT - Lipjan Koleksioni i përgjithshem 03/10/2016   336 MCC 002-023000 03/10/2016 Books 03/10/2016
          Koleksioni i përgjithshem UBT - Lipjan UBT - Lipjan Koleksioni i përgjithshem 03/10/2016   336 MCC 002-023001 03/10/2016 Books 03/10/2016
          Koleksioni i përgjithshem UBT - Lipjan UBT - Lipjan Koleksioni i përgjithshem 03/10/2016   336 MCC 002-023002 03/10/2016 Books 03/10/2016
          Koleksioni i përgjithshem UBT - Lipjan UBT - Lipjan Koleksioni i përgjithshem 03/10/2016   336 MCC 002-023003 03/10/2016 Books 03/10/2016
          Koleksioni i përgjithshem UBT - Lipjan UBT - Lipjan Koleksioni i përgjithshem 03/10/2016   336 MCC 002-023004 03/10/2016 Books 03/10/2016
          Koleksioni i përgjithshem UBT - Lipjan UBT - Lipjan Koleksioni i përgjithshem 03/10/2016   336 MCC 002-023005 03/10/2016 Books 03/10/2016
          Koleksioni i përgjithshem UBT - Lipjan UBT - Lipjan Koleksioni i përgjithshem 03/10/2016   336 MCC 002-023006 03/10/2016 Books 03/10/2016
          Koleksioni i përgjithshem UBT - Lipjan UBT - Lipjan Koleksioni i përgjithshem 03/10/2016   336 MCC 002-023007 03/10/2016 Books 03/10/2016
          Koleksioni i përgjithshem UBT - Lipjan UBT - Lipjan Koleksioni i përgjithshem 03/10/2016   336 MCC 002-023008 03/10/2016 Books 03/10/2016
          Koleksioni i përgjithshem UBT - Lipjan UBT - Lipjan Koleksioni i përgjithshem 03/10/2016   336 MCC 002-023009 03/10/2016 Books 03/10/2016
          Koleksioni i përgjithshem UBT - Lipjan UBT - Lipjan Koleksioni i përgjithshem 03/10/2016   336 MCC 002-023010 03/10/2016 Books 03/10/2016
          Koleksioni i përgjithshem UBT - Lipjan UBT - Lipjan Koleksioni i përgjithshem 03/10/2016   336 MCC 002-023011 03/10/2016 Books 03/10/2016
          Koleksioni i përgjithshem UBT - Lipjan UBT - Lipjan Koleksioni i përgjithshem 03/10/2016   336 MCC 002-023012 03/10/2016 Books 03/10/2016
          Koleksioni i përgjithshem UBT - Lipjan UBT - Lipjan Koleksioni i përgjithshem 03/10/2016   336 MCC 002-023013 03/10/2016 Books 03/10/2016
          Koleksioni i përgjithshem UBT - Lipjan UBT - Lipjan Koleksioni i përgjithshem 03/10/2016   336 MCC 002-023014 03/10/2016 Books 03/10/2016
          Koleksioni i përgjithshem UBT - Lipjan UBT - Lipjan Koleksioni i përgjithshem 03/10/2016   336 MCC 002-023015 03/10/2016 Books 03/10/2016
          Koleksioni i përgjithshem UBT - Lipjan UBT - Lipjan Koleksioni i përgjithshem 03/10/2016   336 MCC 002-023016 03/10/2016 Books 03/10/2016
          Koleksioni i përgjithshem UBT - Lipjan UBT - Lipjan Koleksioni i përgjithshem 03/10/2016   336 MCC 002-023017 03/10/2016 Books 03/10/2016
          Koleksioni i përgjithshem UBT - Lipjan UBT - Lipjan Koleksioni i përgjithshem 03/10/2016   336 MCC 002-023018 03/10/2016 Books 03/10/2016
          Koleksioni i përgjithshem UBT - Lipjan UBT - Lipjan Koleksioni i përgjithshem 03/10/2016   336 MCC 002-023019 03/10/2016 Books 03/10/2016
          Koleksioni i përgjithshem UBT - Lipjan UBT - Lipjan Koleksioni i përgjithshem 03/10/2016   336 MCC 002-023020 03/10/2016 Books 03/10/2016
          Koleksioni i përgjithshem UBT - Lipjan UBT - Lipjan Koleksioni i përgjithshem 03/10/2016   336 MCC 002-023021 03/10/2016 Books 03/10/2016
          Koleksioni i përgjithshem UBT - Lipjan UBT - Lipjan Koleksioni i përgjithshem 03/10/2016   336 MCC 002-023022 03/10/2016 Books 03/10/2016
          Koleksioni i përgjithshem UBT - Lipjan UBT - Lipjan Koleksioni i përgjithshem 03/10/2016   336 MCC 002-023023 03/10/2016 Books 03/10/2016
          Koleksioni i përgjithshem UBT - Lipjan UBT - Lipjan Koleksioni i përgjithshem 03/10/2016   336 MCC 002-023024 03/10/2016 Books 03/10/2016
          Koleksioni i përgjithshem UBT - Lipjan UBT - Lipjan Koleksioni i përgjithshem 03/10/2016   336 MCC 002-023025 03/10/2016 Books 03/10/2016
          Koleksioni i përgjithshem UBT - Lipjan UBT - Lipjan Koleksioni i përgjithshem 03/10/2016   336 MCC 002-023026 03/10/2016 Books 03/10/2016
          Koleksioni i përgjithshem UBT - Lipjan UBT - Lipjan Koleksioni i përgjithshem 03/10/2016   336 MCC 002-023027 03/10/2016 Books 03/10/2016
          Koleksioni i përgjithshem UBT - Lipjan UBT - Lipjan Koleksioni i përgjithshem 03/10/2016   336 MCC 002-023028 03/10/2016 Books 03/10/2016
          Koleksioni i përgjithshem UBT - Lipjan UBT - Lipjan Koleksioni i përgjithshem 03/10/2016   336 MCC 002-023029 03/10/2016 Books 03/10/2016
          Koleksioni i përgjithshem UBT - Lipjan UBT - Lipjan Koleksioni i përgjithshem 03/10/2016   336 MCC 002-023030 03/10/2016 Books 03/10/2016
          Koleksioni i përgjithshem UBT - Lipjan UBT - Lipjan Koleksioni i përgjithshem 03/10/2016   336 MCC 002-023031 03/10/2016 Books 03/10/2016
          Koleksioni i përgjithshem UBT - Lipjan UBT - Lipjan Koleksioni i përgjithshem 03/10/2016   336 MCC 002-023032 03/10/2016 Books 03/10/2016
          Koleksioni i përgjithshem UBT - Lipjan UBT - Lipjan Koleksioni i përgjithshem 03/10/2016   336 MCC 002-023033 03/10/2016 Books 03/10/2016
          Koleksioni i përgjithshem UBT - Lipjan UBT - Lipjan Koleksioni i përgjithshem 03/10/2016   336 MCC 002-023034 03/10/2016 Books 03/10/2016
          Koleksioni i përgjithshem UBT - Lipjan UBT - Lipjan Koleksioni i përgjithshem 03/10/2016   336 MCC 002-023035 03/10/2016 Books 03/10/2016
          Koleksioni i përgjithshem UBT - Lipjan UBT - Lipjan Koleksioni i përgjithshem 03/10/2016   336 MCC 002-023036 03/10/2016 Books 03/10/2016
          Koleksioni i përgjithshem UBT - Lipjan UBT - Lipjan Koleksioni i përgjithshem 03/10/2016   336 MCC 002-023037 03/10/2016 Books 03/10/2016
          Koleksioni i përgjithshem UBT - Lipjan UBT - Lipjan Koleksioni i përgjithshem 03/10/2016   336 MCC 002-023038 03/10/2016 Books 03/10/2016
          Koleksioni i përgjithshem UBT - Lipjan UBT - Lipjan Koleksioni i përgjithshem 03/10/2016   336 MCC 002-023039 03/10/2016 Books 03/10/2016
          Koleksioni i përgjithshem UBT - Lipjan UBT - Lipjan Koleksioni i përgjithshem 03/10/2016   336 MCC 002-023040 03/10/2016 Books 03/10/2016
          Koleksioni i përgjithshem UBT - Lipjan UBT - Lipjan Koleksioni i përgjithshem 03/10/2016   336 MCC 002-023041 03/10/2016 Books 03/10/2016
          Koleksioni i përgjithshem UBT - Lipjan UBT - Lipjan Koleksioni i përgjithshem 03/10/2016   336 MCC 002-023042 03/10/2016 Books 03/10/2016
          Koleksioni i përgjithshem UBT - Lipjan UBT - Lipjan Koleksioni i përgjithshem 03/10/2016   336 MCC 002-023043 03/10/2016 Books 03/10/2016
          Koleksioni i përgjithshem UBT - Lipjan UBT - Lipjan Koleksioni i përgjithshem 03/10/2016   336 MCC 002-023044 03/10/2016 Books 03/10/2016
          Koleksioni i përgjithshem UBT - Lipjan UBT - Lipjan Koleksioni i përgjithshem 03/10/2016   336 MCC 002-023045 03/10/2016 Books 03/10/2016
          Koleksioni i përgjithshem UBT - Lipjan UBT - Lipjan Koleksioni i përgjithshem 03/10/2016   336 MCC 002-023046 03/10/2016 Books 03/10/2016
          Koleksioni i përgjithshem UBT - Lipjan UBT - Lipjan Koleksioni i përgjithshem 03/10/2016   336 MCC 002-023047 03/10/2016 Books 03/10/2016
          Koleksioni i përgjithshem UBT - Lipjan UBT - Lipjan Koleksioni i përgjithshem 03/10/2016   336 MCC 002-023048 03/10/2016 Books 03/10/2016
          Koleksioni i përgjithshem UBT - Lipjan UBT - Lipjan Koleksioni i përgjithshem 03/10/2016   336 MCC 002-023049 03/10/2016 Books 03/10/2016
          Koleksioni i përgjithshem UBT - Lipjan UBT - Lipjan Koleksioni i përgjithshem 03/10/2016   336 MCC 002-023050 03/10/2016 Books 03/10/2016
          Koleksioni i përgjithshem UBT - Lipjan UBT - Lipjan Koleksioni i përgjithshem 03/10/2016   336 MCC 002-023051 03/10/2016 Books 03/10/2016
          Koleksioni i përgjithshem UBT - Lipjan UBT - Lipjan Koleksioni i përgjithshem 03/10/2016   336 MCC 002-023052 03/10/2016 Books 03/10/2016
          Koleksioni i përgjithshem UBT - Lipjan UBT - Lipjan Koleksioni i përgjithshem 03/10/2016   336 MCC 002-023053 03/10/2016 Books 03/10/2016
          Koleksioni i përgjithshem UBT - Lipjan UBT - Lipjan Koleksioni i përgjithshem 03/10/2016   336 MCC 002-023054 03/10/2016 Books 03/10/2016
          Koleksioni i përgjithshem UBT - Lipjan UBT - Lipjan Koleksioni i përgjithshem 03/10/2016   336 MCC 002-023055 03/10/2016 Books 03/10/2016
          Koleksioni i përgjithshem UBT - Lipjan UBT - Lipjan Koleksioni i përgjithshem 03/10/2016   336 MCC 002-023056 03/10/2016 Books 03/10/2016
          Koleksioni i përgjithshem UBT - Lipjan UBT - Lipjan Koleksioni i përgjithshem 03/10/2016   336 MCC 002-023057 03/10/2016 Books 03/10/2016
          Koleksioni i përgjithshem UBT - Lipjan UBT - Lipjan Koleksioni i përgjithshem 03/10/2016   336 MCC 002-022928 03/10/2016 Books 03/10/2016
          Koleksioni i përgjithshem UBT - Lipjan UBT - Lipjan Koleksioni i përgjithshem 03/10/2016   336 MCC 002-022929 03/10/2016 Books 03/10/2016
          Koleksioni i përgjithshem UBT - Lipjan UBT - Lipjan Koleksioni i përgjithshem 03/10/2016   336 MCC 002-022930 03/10/2016 Books 03/10/2016
          Koleksioni i përgjithshem UBT - Lipjan UBT - Lipjan Koleksioni i përgjithshem 03/10/2016   336 MCC 002-022931 03/10/2016 Books 03/10/2016
          Koleksioni i përgjithshem UBT - Lipjan UBT - Lipjan Koleksioni i përgjithshem 03/10/2016   336 MCC 002-022932 03/10/2016 Books 03/10/2016
          Koleksioni i përgjithshem UBT - Lipjan UBT - Lipjan Koleksioni i përgjithshem 03/10/2016   336 MCC 002-022933 03/10/2016 Books 03/10/2016
          Koleksioni i përgjithshem UBT - Lipjan UBT - Lipjan Koleksioni i përgjithshem 03/10/2016   336 MCC 002-022934 03/10/2016 Books 03/10/2016
          Koleksioni i përgjithshem UBT - Lipjan UBT - Lipjan Koleksioni i përgjithshem 03/10/2016   336 MCC 002-022935 03/10/2016 Books 03/10/2016
          Koleksioni i përgjithshem UBT - Lipjan UBT - Lipjan Koleksioni i përgjithshem 03/10/2016   336 MCC 002-022936 03/10/2016 Books 03/10/2016
          Koleksioni i përgjithshem UBT - Lipjan UBT - Lipjan Koleksioni i përgjithshem 03/10/2016   336 MCC 002-022937 03/10/2016 Books 03/10/2016
          Koleksioni i përgjithshem UBT - Lipjan UBT - Lipjan Koleksioni i përgjithshem 03/10/2016   336 MCC 002-022938 03/10/2016 Books 03/10/2016
          Koleksioni i përgjithshem UBT - Lipjan UBT - Lipjan Koleksioni i përgjithshem 03/10/2016   336 MCC 002-022939 03/10/2016 Books 03/10/2016
          Koleksioni i përgjithshem UBT - Lipjan UBT - Lipjan Koleksioni i përgjithshem 03/10/2016   336 MCC 002-022940 03/10/2016 Books 03/10/2016
          Koleksioni i përgjithshem UBT - Lipjan UBT - Lipjan Koleksioni i përgjithshem 03/10/2016   336 MCC 002-022941 03/10/2016 Books 03/10/2016
          Koleksioni i përgjithshem UBT - Lipjan UBT - Lipjan Koleksioni i përgjithshem 03/10/2016   336 MCC 002-022942 03/10/2016 Books 03/10/2016
          Koleksioni i përgjithshem UBT - Lipjan UBT - Lipjan Koleksioni i përgjithshem 03/10/2016   336 MCC 002-022943 03/10/2016 Books 03/10/2016
          Koleksioni i përgjithshem UBT - Lipjan UBT - Lipjan Koleksioni i përgjithshem 03/10/2016   336 MCC 002-022944 03/10/2016 Books 03/10/2016
          Koleksioni i përgjithshem UBT - Lipjan UBT - Lipjan Koleksioni i përgjithshem 03/10/2016   336 MCC 002-022945 03/10/2016 Books 03/10/2016
          Koleksioni i përgjithshem UBT - Lipjan UBT - Lipjan Koleksioni i përgjithshem 03/10/2016   336 MCC 002-022946 03/10/2016 Books 03/10/2016
          Koleksioni i përgjithshem UBT - Lipjan UBT - Lipjan Koleksioni i përgjithshem 03/10/2016   336 MCC 002-022947 03/10/2016 Books 03/10/2016
          Koleksioni i përgjithshem UBT - Lipjan UBT - Lipjan Koleksioni i përgjithshem 03/10/2016   336 MCC 002-022948 03/10/2016 Books 03/10/2016
          Koleksioni i përgjithshem UBT - Lipjan UBT - Lipjan Koleksioni i përgjithshem 03/10/2016   336 MCC 002-022949 03/10/2016 Books 03/10/2016
          Koleksioni i përgjithshem UBT - Lipjan UBT - Lipjan Koleksioni i përgjithshem 03/10/2016   336 MCC 002-022950 03/10/2016 Books 03/10/2016
          Koleksioni i përgjithshem UBT - Lipjan UBT - Lipjan Koleksioni i përgjithshem 03/10/2016   336 MCC 002-022951 03/10/2016 Books 03/10/2016
          Koleksioni i përgjithshem UBT - Lipjan UBT - Lipjan Koleksioni i përgjithshem 03/10/2016   336 MCC 002-022952 03/10/2016 Books 03/10/2016
          Koleksioni i përgjithshem UBT - Lipjan UBT - Lipjan Koleksioni i përgjithshem 03/10/2016   336 MCC 002-022953 03/10/2016 Books 03/10/2016
          Koleksioni i përgjithshem UBT - Lipjan UBT - Lipjan Koleksioni i përgjithshem 03/10/2016   336 MCC 002-022954 03/10/2016 Books 03/10/2016
          Koleksioni i përgjithshem UBT - Lipjan UBT - Lipjan Koleksioni i përgjithshem 03/10/2016   336 MCC 002-022955 03/10/2016 Books 03/10/2016
          Koleksioni i përgjithshem UBT - Lipjan UBT - Lipjan Koleksioni i përgjithshem 03/10/2016   336 MCC 002-022956 03/10/2016 Books 03/10/2016
          Koleksioni i përgjithshem UBT - Lipjan UBT - Lipjan Koleksioni i përgjithshem 03/10/2016   336 MCC 002-022957 03/10/2016 Books 03/10/2016
          Koleksioni i përgjithshem UBT - Lipjan UBT - Lipjan Koleksioni i përgjithshem 03/10/2016   336 MCC 002-022958 03/10/2016 Books 03/10/2016
          Koleksioni i përgjithshem UBT - Lipjan UBT - Lipjan Koleksioni i përgjithshem 03/10/2016   336 MCC 002-022959 03/10/2016 Books 03/10/2016
          Koleksioni i përgjithshem UBT - Lipjan UBT - Lipjan Koleksioni i përgjithshem 03/10/2016   336 MCC 002-022960 03/10/2016 Books 03/10/2016
          Koleksioni i përgjithshem UBT - Lipjan UBT - Lipjan Koleksioni i përgjithshem 03/10/2016   336 MCC 002-022961 03/10/2016 Books 03/10/2016
          Koleksioni i përgjithshem UBT - Lipjan UBT - Lipjan Koleksioni i përgjithshem 03/10/2016   336 MCC 002-022962 03/10/2016 Books 03/10/2016
          Koleksioni i përgjithshem UBT - Lipjan UBT - Lipjan Koleksioni i përgjithshem 03/10/2016   336 MCC 002-022963 03/10/2016 Books 03/10/2016
          Koleksioni i përgjithshem UBT - Lipjan UBT - Lipjan Koleksioni i përgjithshem 03/10/2016   336 MCC 002-022964 03/10/2016 Books 03/10/2016
          Koleksioni i përgjithshem UBT - Lipjan UBT - Lipjan Koleksioni i përgjithshem 03/10/2016   336 MCC 002-022965 03/10/2016 Books 03/10/2016
          Koleksioni i përgjithshem UBT - Lipjan UBT - Lipjan Koleksioni i përgjithshem 03/10/2016   336 MCC 002-022966 03/10/2016 Books 03/10/2016
          Koleksioni i përgjithshem UBT - Lipjan UBT - Lipjan Koleksioni i përgjithshem 03/10/2016   336 MCC 002-022967 03/10/2016 Books 03/10/2016
          Koleksioni i përgjithshem UBT - Lipjan UBT - Lipjan Koleksioni i përgjithshem 03/10/2016   336 MCC 002-022968 03/10/2016 Books 03/10/2016
          Koleksioni i përgjithshem UBT - Lipjan UBT - Lipjan Koleksioni i përgjithshem 03/10/2016   336 MCC 002-022969 03/10/2016 Books 03/10/2016
          Koleksioni i përgjithshem UBT - Lipjan UBT - Lipjan Koleksioni i përgjithshem 03/10/2016   336 MCC 002-022970 03/10/2016 Books 03/10/2016
          Koleksioni i përgjithshem UBT - Lipjan UBT - Lipjan Koleksioni i përgjithshem 03/10/2016   336 MCC 002-022971 03/10/2016 Books 03/10/2016
          Koleksioni i përgjithshem UBT - Lipjan UBT - Lipjan Koleksioni i përgjithshem 03/10/2016   336 MCC 002-022972 03/10/2016 Books 03/10/2016
          Koleksioni i përgjithshem UBT - Lipjan UBT - Lipjan Koleksioni i përgjithshem 03/10/2016   336 MCC 002-022973 03/10/2016 Books 03/10/2016
          Koleksioni i përgjithshem UBT - Lipjan UBT - Lipjan Koleksioni i përgjithshem 03/10/2016   336 MCC 002-022974 03/10/2016 Books 03/10/2016
          Koleksioni i përgjithshem UBT - Lipjan UBT - Lipjan Koleksioni i përgjithshem 03/10/2016   336 MCC 002-022975 03/10/2016 Books 03/10/2016
          Koleksioni i përgjithshem UBT - Lipjan UBT - Lipjan Koleksioni i përgjithshem 03/10/2016   336 MCC 002-022976 03/10/2016 Books 03/10/2016
          Koleksioni i përgjithshem UBT - Lipjan UBT - Lipjan Koleksioni i përgjithshem 03/10/2016   336 MCC 002-022977 03/10/2016 Books 03/10/2016
          Koleksioni i përgjithshem UBT - Lipjan UBT - Lipjan Koleksioni i përgjithshem 03/10/2016   336 MCC 002-022978 03/10/2016 Books 03/10/2016
          Koleksioni i përgjithshem UBT - Lipjan UBT - Lipjan Koleksioni i përgjithshem 03/10/2016   336 MCC 002-022979 03/10/2016 Books 03/10/2016
          Koleksioni i përgjithshem UBT - Lipjan UBT - Lipjan Koleksioni i përgjithshem 03/10/2016   336 MCC 002-022980 03/10/2016 Books 03/10/2016
          Koleksioni i përgjithshem UBT - Lipjan UBT - Lipjan Koleksioni i përgjithshem 03/10/2016   336 MCC 002-022981 03/10/2016 Books 03/10/2016
          Koleksioni i përgjithshem UBT - Lipjan UBT - Lipjan Koleksioni i përgjithshem 03/10/2016   336 MCC 002-022982 03/10/2016 Books 03/10/2016
          Koleksioni i përgjithshem UBT - Lipjan UBT - Lipjan Koleksioni i përgjithshem 03/10/2016   336 MCC 002-022983 03/10/2016 Books 03/10/2016
          Koleksioni i përgjithshem UBT - Lipjan UBT - Lipjan Koleksioni i përgjithshem 03/10/2016   336 MCC 002-022984 03/10/2016 Books 03/10/2016
          Koleksioni i përgjithshem UBT - Lipjan UBT - Lipjan Koleksioni i përgjithshem 03/10/2016   336 MCC 002-022985 03/10/2016 Books 03/10/2016
          Koleksioni i përgjithshem UBT - Lipjan UBT - Lipjan Koleksioni i përgjithshem 03/10/2016   336 MCC 002-022986 03/10/2016 Books 03/10/2016
          Koleksioni i përgjithshem UBT - Lipjan UBT - Lipjan Koleksioni i përgjithshem 03/10/2016   336 MCC 002-022987 03/10/2016 Books 03/10/2016
          Koleksioni i përgjithshem UBT - Lipjan UBT - Lipjan Koleksioni i përgjithshem 03/10/2016   336 MCC 002-022988 03/10/2016 Books 03/10/2016
          Koleksioni i përgjithshem UBT - Lipjan UBT - Lipjan Koleksioni i përgjithshem 03/10/2016   336 MCC 002-022989 03/10/2016 Books 03/10/2016
          Koleksioni i përgjithshem UBT - Lipjan UBT - Lipjan Koleksioni i përgjithshem 03/10/2016   336 MCC 002-022990 03/10/2016 Books 03/10/2016
          Koleksioni i përgjithshem UBT - Lipjan UBT - Lipjan Koleksioni i përgjithshem 03/10/2016   336 MCC 002-022991 03/10/2016 Books 03/10/2016
          Koleksioni i përgjithshem UBT - Lipjan UBT - Lipjan Koleksioni i përgjithshem 03/10/2016   336 MCC 002-022992 03/10/2016 Books 03/10/2016
          Koleksioni i përgjithshem UBT - Lipjan UBT - Lipjan Koleksioni i përgjithshem 03/10/2016   336 MCC 002-022798 03/10/2016 Books 03/10/2016
          Koleksioni i përgjithshem UBT - Lipjan UBT - Lipjan Koleksioni i përgjithshem 03/10/2016   336 MCC 002-022799 03/10/2016 Books 03/10/2016
          Koleksioni i përgjithshem UBT - Lipjan UBT - Lipjan Koleksioni i përgjithshem 03/10/2016   336 MCC 002-022800 03/10/2016 Books 03/10/2016
          Koleksioni i përgjithshem UBT - Lipjan UBT - Lipjan Koleksioni i përgjithshem 03/10/2016   336 MCC 002-022801 03/10/2016 Books 03/10/2016
          Koleksioni i përgjithshem UBT - Lipjan UBT - Lipjan Koleksioni i përgjithshem 03/10/2016   336 MCC 002-022802 03/10/2016 Books 03/10/2016
          Koleksioni i përgjithshem UBT - Lipjan UBT - Lipjan Koleksioni i përgjithshem 03/10/2016   336 MCC 002-022803 03/10/2016 Books 03/10/2016
          Koleksioni i përgjithshem UBT - Lipjan UBT - Lipjan Koleksioni i përgjithshem 03/10/2016   336 MCC 002-022804 03/10/2016 Books 03/10/2016
          Koleksioni i përgjithshem UBT - Lipjan UBT - Lipjan Koleksioni i përgjithshem 03/10/2016   336 MCC 002-022805 03/10/2016 Books 03/10/2016
          Koleksioni i përgjithshem UBT - Lipjan UBT - Lipjan Koleksioni i përgjithshem 03/10/2016   336 MCC 002-022806 03/10/2016 Books 03/10/2016
          Koleksioni i përgjithshem UBT - Lipjan UBT - Lipjan Koleksioni i përgjithshem 03/10/2016   336 MCC 002-022807 03/10/2016 Books 03/10/2016
          Koleksioni i përgjithshem UBT - Lipjan UBT - Lipjan Koleksioni i përgjithshem 03/10/2016   336 MCC 002-022808 03/10/2016 Books 03/10/2016
          Koleksioni i përgjithshem UBT - Lipjan UBT - Lipjan Koleksioni i përgjithshem 03/10/2016   336 MCC 002-022809 03/10/2016 Books 03/10/2016
          Koleksioni i përgjithshem UBT - Lipjan UBT - Lipjan Koleksioni i përgjithshem 03/10/2016   336 MCC 002-022810 03/10/2016 Books 03/10/2016
          Koleksioni i përgjithshem UBT - Lipjan UBT - Lipjan Koleksioni i përgjithshem 03/10/2016   336 MCC 002-022811 03/10/2016 Books 03/10/2016
          Koleksioni i përgjithshem UBT - Lipjan UBT - Lipjan Koleksioni i përgjithshem 03/10/2016   336 MCC 002-022812 03/10/2016 Books 03/10/2016
          Koleksioni i përgjithshem UBT - Lipjan UBT - Lipjan Koleksioni i përgjithshem 03/10/2016   336 MCC 002-022813 03/10/2016 Books 03/10/2016
          Koleksioni i përgjithshem UBT - Lipjan UBT - Lipjan Koleksioni i përgjithshem 03/10/2016   336 MCC 002-022814 03/10/2016 Books 03/10/2016
          Koleksioni i përgjithshem UBT - Lipjan UBT - Lipjan Koleksioni i përgjithshem 03/10/2016   336 MCC 002-022815 03/10/2016 Books 03/10/2016
          Koleksioni i përgjithshem UBT - Lipjan UBT - Lipjan Koleksioni i përgjithshem 03/10/2016   336 MCC 002-022816 03/10/2016 Books 03/10/2016
          Koleksioni i përgjithshem UBT - Lipjan UBT - Lipjan Koleksioni i përgjithshem 03/10/2016   336 MCC 002-022817 03/10/2016 Books 03/10/2016
          Koleksioni i përgjithshem UBT - Lipjan UBT - Lipjan Koleksioni i përgjithshem 03/10/2016   336 MCC 002-022818 03/10/2016 Books 03/10/2016
          Koleksioni i përgjithshem UBT - Lipjan UBT - Lipjan Koleksioni i përgjithshem 03/10/2016   336 MCC 002-022819 03/10/2016 Books 03/10/2016
          Koleksioni i përgjithshem UBT - Lipjan UBT - Lipjan Koleksioni i përgjithshem 03/10/2016   336 MCC 002-022820 03/10/2016 Books 03/10/2016
          Koleksioni i përgjithshem UBT - Lipjan UBT - Lipjan Koleksioni i përgjithshem 03/10/2016   336 MCC 002-022821 03/10/2016 Books 03/10/2016
          Koleksioni i përgjithshem UBT - Lipjan UBT - Lipjan Koleksioni i përgjithshem 03/10/2016   336 MCC 002-022822 03/10/2016 Books 03/10/2016
          Koleksioni i përgjithshem UBT - Lipjan UBT - Lipjan Koleksioni i përgjithshem 03/10/2016   336 MCC 002-022823 03/10/2016 Books 03/10/2016
          Koleksioni i përgjithshem UBT - Lipjan UBT - Lipjan Koleksioni i përgjithshem 03/10/2016   336 MCC 002-022824 03/10/2016 Books 03/10/2016
          Koleksioni i përgjithshem UBT - Lipjan UBT - Lipjan Koleksioni i përgjithshem 03/10/2016   336 MCC 002-022825 03/10/2016 Books 03/10/2016
          Koleksioni i përgjithshem UBT - Lipjan UBT - Lipjan Koleksioni i përgjithshem 03/10/2016   336 MCC 002-022826 03/10/2016 Books 03/10/2016
          Koleksioni i përgjithshem UBT - Lipjan UBT - Lipjan Koleksioni i përgjithshem 03/10/2016   336 MCC 002-022827 03/10/2016 Books 03/10/2016
          Koleksioni i përgjithshem UBT - Lipjan UBT - Lipjan Koleksioni i përgjithshem 03/10/2016   336 MCC 002-022828 03/10/2016 Books 03/10/2016
          Koleksioni i përgjithshem UBT - Lipjan UBT - Lipjan Koleksioni i përgjithshem 03/10/2016   336 MCC 002-022829 03/10/2016 Books 03/10/2016
          Koleksioni i përgjithshem UBT - Lipjan UBT - Lipjan Koleksioni i përgjithshem 03/10/2016   336 MCC 002-022830 03/10/2016 Books 03/10/2016
          Koleksioni i përgjithshem UBT - Lipjan UBT - Lipjan Koleksioni i përgjithshem 03/10/2016   336 MCC 002-022831 03/10/2016 Books 03/10/2016
          Koleksioni i përgjithshem UBT - Lipjan UBT - Lipjan Koleksioni i përgjithshem 03/10/2016   336 MCC 002-022832 03/10/2016 Books 03/10/2016
          Koleksioni i përgjithshem UBT - Lipjan UBT - Lipjan Koleksioni i përgjithshem 03/10/2016   336 MCC 002-022833 03/10/2016 Books 03/10/2016
          Koleksioni i përgjithshem UBT - Lipjan UBT - Lipjan Koleksioni i përgjithshem 03/10/2016   336 MCC 002-022834 03/10/2016 Books 03/10/2016
          Koleksioni i përgjithshem UBT - Lipjan UBT - Lipjan Koleksioni i përgjithshem 03/10/2016   336 MCC 002-022835 03/10/2016 Books 03/10/2016
          Koleksioni i përgjithshem UBT - Lipjan UBT - Lipjan Koleksioni i përgjithshem 03/10/2016   336 MCC 002-022836 03/10/2016 Books 03/10/2016
          Koleksioni i përgjithshem UBT - Lipjan UBT - Lipjan Koleksioni i përgjithshem 03/10/2016   336 MCC 002-022837 03/10/2016 Books 03/10/2016
          Koleksioni i përgjithshem UBT - Lipjan UBT - Lipjan Koleksioni i përgjithshem 03/10/2016   336 MCC 002-022838 03/10/2016 Books 03/10/2016
          Koleksioni i përgjithshem UBT - Lipjan UBT - Lipjan Koleksioni i përgjithshem 03/10/2016   336 MCC 002-022839 03/10/2016 Books 03/10/2016
          Koleksioni i përgjithshem UBT - Lipjan UBT - Lipjan Koleksioni i përgjithshem 03/10/2016   336 MCC 002-022840 03/10/2016 Books 03/10/2016
          Koleksioni i përgjithshem UBT - Lipjan UBT - Lipjan Koleksioni i përgjithshem 03/10/2016   336 MCC 002-022841 03/10/2016 Books 03/10/2016
          Koleksioni i përgjithshem UBT - Lipjan UBT - Lipjan Koleksioni i përgjithshem 03/10/2016   336 MCC 002-022842 03/10/2016 Books 03/10/2016
          Koleksioni i përgjithshem UBT - Lipjan UBT - Lipjan Koleksioni i përgjithshem 03/10/2016   336 MCC 002-022843 03/10/2016 Books 03/10/2016
          Koleksioni i përgjithshem UBT - Lipjan UBT - Lipjan Koleksioni i përgjithshem 03/10/2016   336 MCC 002-022844 03/10/2016 Books 03/10/2016
          Koleksioni i përgjithshem UBT - Lipjan UBT - Lipjan Koleksioni i përgjithshem 03/10/2016   336 MCC 002-022845 03/10/2016 Books 03/10/2016
          Koleksioni i përgjithshem UBT - Lipjan UBT - Lipjan Koleksioni i përgjithshem 03/10/2016   336 MCC 002-022846 03/10/2016 Books 03/10/2016
          Koleksioni i përgjithshem UBT - Lipjan UBT - Lipjan Koleksioni i përgjithshem 03/10/2016   336 MCC 002-022847 03/10/2016 Books 03/10/2016
          Koleksioni i përgjithshem UBT - Lipjan UBT - Lipjan Koleksioni i përgjithshem 03/10/2016   336 MCC 002-022848 03/10/2016 Books 03/10/2016
          Koleksioni i përgjithshem UBT - Lipjan UBT - Lipjan Koleksioni i përgjithshem 03/10/2016   336 MCC 002-022849 03/10/2016 Books 03/10/2016
          Koleksioni i përgjithshem UBT - Lipjan UBT - Lipjan Koleksioni i përgjithshem 03/10/2016   336 MCC 002-022850 03/10/2016 Books 03/10/2016
          Koleksioni i përgjithshem UBT - Lipjan UBT - Lipjan Koleksioni i përgjithshem 03/10/2016   336 MCC 002-022851 03/10/2016 Books 03/10/2016
          Koleksioni i përgjithshem UBT - Lipjan UBT - Lipjan Koleksioni i përgjithshem 03/10/2016   336 MCC 002-022852 03/10/2016 Books 03/10/2016
          Koleksioni i përgjithshem UBT - Lipjan UBT - Lipjan Koleksioni i përgjithshem 03/10/2016   336 MCC 002-022853 03/10/2016 Books 03/10/2016
          Koleksioni i përgjithshem UBT - Lipjan UBT - Lipjan Koleksioni i përgjithshem 03/10/2016   336 MCC 002-022854 03/10/2016 Books 03/10/2016
          Koleksioni i përgjithshem UBT - Lipjan UBT - Lipjan Koleksioni i përgjithshem 03/10/2016   336 MCC 002-022855 03/10/2016 Books 03/10/2016
          Koleksioni i përgjithshem UBT - Lipjan UBT - Lipjan Koleksioni i përgjithshem 03/10/2016   336 MCC 002-022856 03/10/2016 Books 03/10/2016
          Koleksioni i përgjithshem UBT - Lipjan UBT - Lipjan Koleksioni i përgjithshem 03/10/2016   336 MCC 002-022857 03/10/2016 Books 03/10/2016
          Koleksioni i përgjithshem UBT - Lipjan UBT - Lipjan Koleksioni i përgjithshem 03/10/2016   336 MCC 002-022858 03/10/2016 Books 03/10/2016
          Koleksioni i përgjithshem UBT - Lipjan UBT - Lipjan Koleksioni i përgjithshem 03/10/2016   336 MCC 002-022859 03/10/2016 Books 03/10/2016
          Koleksioni i përgjithshem UBT - Lipjan UBT - Lipjan Koleksioni i përgjithshem 03/10/2016   336 MCC 002-022860 03/10/2016 Books 03/10/2016
          Koleksioni i përgjithshem UBT - Lipjan UBT - Lipjan Koleksioni i përgjithshem 03/10/2016   336 MCC 002-022861 03/10/2016 Books 03/10/2016
          Koleksioni i përgjithshem UBT - Lipjan UBT - Lipjan Koleksioni i përgjithshem 03/10/2016   336 MCC 002-022862 03/10/2016 Books 03/10/2016
          Koleksioni i përgjithshem UBT - Lipjan UBT - Lipjan Koleksioni i përgjithshem 03/10/2016   336 MCC 002-022863 03/10/2016 Books 03/10/2016
          Koleksioni i përgjithshem UBT - Lipjan UBT - Lipjan Koleksioni i përgjithshem 03/10/2016   336 MCC 002-022864 03/10/2016 Books 03/10/2016
          Koleksioni i përgjithshem UBT - Lipjan UBT - Lipjan Koleksioni i përgjithshem 03/10/2016   336 MCC 002-022865 03/10/2016 Books 03/10/2016
          Koleksioni i përgjithshem UBT - Lipjan UBT - Lipjan Koleksioni i përgjithshem 03/10/2016   336 MCC 002-022866 03/10/2016 Books 03/10/2016
          Koleksioni i përgjithshem UBT - Lipjan UBT - Lipjan Koleksioni i përgjithshem 03/10/2016   336 MCC 002-022867 03/10/2016 Books 03/10/2016
          Koleksioni i përgjithshem UBT - Lipjan UBT - Lipjan Koleksioni i përgjithshem 03/10/2016   336 MCC 002-022868 03/10/2016 Books 03/10/2016
          Koleksioni i përgjithshem UBT - Lipjan UBT - Lipjan Koleksioni i përgjithshem 03/10/2016   336 MCC 002-022869 03/10/2016 Books 03/10/2016
          Koleksioni i përgjithshem UBT - Lipjan UBT - Lipjan Koleksioni i përgjithshem 03/10/2016   336 MCC 002-022870 03/10/2016 Books 03/10/2016
          Koleksioni i përgjithshem UBT - Lipjan UBT - Lipjan Koleksioni i përgjithshem 03/10/2016   336 MCC 002-022871 03/10/2016 Books 03/10/2016
          Koleksioni i përgjithshem UBT - Lipjan UBT - Lipjan Koleksioni i përgjithshem 03/10/2016   336 MCC 002-022872 03/10/2016 Books 03/10/2016
          Koleksioni i përgjithshem UBT - Lipjan UBT - Lipjan Koleksioni i përgjithshem 03/10/2016   336 MCC 002-022873 03/10/2016 Books 03/10/2016
          Koleksioni i përgjithshem UBT - Lipjan UBT - Lipjan Koleksioni i përgjithshem 03/10/2016   336 MCC 002-022874 03/10/2016 Books 03/10/2016
          Koleksioni i përgjithshem UBT - Lipjan UBT - Lipjan Koleksioni i përgjithshem 03/10/2016   336 MCC 002-022875 03/10/2016 Books 03/10/2016
          Koleksioni i përgjithshem UBT - Lipjan UBT - Lipjan Koleksioni i përgjithshem 03/10/2016   336 MCC 002-022876 03/10/2016 Books 03/10/2016
          Koleksioni i përgjithshem UBT - Lipjan UBT - Lipjan Koleksioni i përgjithshem 03/10/2016   336 MCC 002-022877 03/10/2016 Books 03/10/2016
          Koleksioni i përgjithshem UBT - Lipjan UBT - Lipjan Koleksioni i përgjithshem 03/10/2016   336 MCC 002-022878 03/10/2016 Books 03/10/2016
          Koleksioni i përgjithshem UBT - Lipjan UBT - Lipjan Koleksioni i përgjithshem 03/10/2016   336 MCC 002-022879 03/10/2016 Books 03/10/2016
          Koleksioni i përgjithshem UBT - Lipjan UBT - Lipjan Koleksioni i përgjithshem 03/10/2016   336 MCC 002-022880 03/10/2016 Books 03/10/2016
          Koleksioni i përgjithshem UBT - Lipjan UBT - Lipjan Koleksioni i përgjithshem 03/10/2016   336 MCC 002-022881 03/10/2016 Books 03/10/2016
          Koleksioni i përgjithshem UBT - Lipjan UBT - Lipjan Koleksioni i përgjithshem 03/10/2016   336 MCC 002-022882 03/10/2016 Books 03/10/2016
          Koleksioni i përgjithshem UBT - Lipjan UBT - Lipjan Koleksioni i përgjithshem 03/10/2016   336 MCC 002-022883 03/10/2016 Books 03/10/2016
          Koleksioni i përgjithshem UBT - Lipjan UBT - Lipjan Koleksioni i përgjithshem 03/10/2016   336 MCC 002-022884 03/10/2016 Books 03/10/2016
          Koleksioni i përgjithshem UBT - Lipjan UBT - Lipjan Koleksioni i përgjithshem 03/10/2016   336 MCC 002-022885 03/10/2016 Books 03/10/2016
          Koleksioni i përgjithshem UBT - Lipjan UBT - Lipjan Koleksioni i përgjithshem 03/10/2016   336 MCC 002-022886 03/10/2016 Books 03/10/2016
          Koleksioni i përgjithshem UBT - Lipjan UBT - Lipjan Koleksioni i përgjithshem 03/10/2016   336 MCC 002-022887 03/10/2016 Books 03/10/2016
          Koleksioni i përgjithshem UBT - Lipjan UBT - Lipjan Koleksioni i përgjithshem 03/10/2016   336 MCC 002-022888 03/10/2016 Books 03/10/2016
          Koleksioni i përgjithshem UBT - Lipjan UBT - Lipjan Koleksioni i përgjithshem 03/10/2016   336 MCC 002-022889 03/10/2016 Books 03/10/2016
          Koleksioni i përgjithshem UBT - Lipjan UBT - Lipjan Koleksioni i përgjithshem 03/10/2016   336 MCC 002-022890 03/10/2016 Books 03/10/2016
          Koleksioni i përgjithshem UBT - Lipjan UBT - Lipjan Koleksioni i përgjithshem 03/10/2016   336 MCC 002-022891 03/10/2016 Books 03/10/2016
          Koleksioni i përgjithshem UBT - Lipjan UBT - Lipjan Koleksioni i përgjithshem 03/10/2016   336 MCC 002-022892 03/10/2016 Books 03/10/2016
          Koleksioni i përgjithshem UBT - Lipjan UBT - Lipjan Koleksioni i përgjithshem 03/10/2016   336 MCC 002-022893 03/10/2016 Books 03/10/2016
          Koleksioni i përgjithshem UBT - Lipjan UBT - Lipjan Koleksioni i përgjithshem 03/10/2016   336 MCC 002-022894 03/10/2016 Books 03/10/2016
          Koleksioni i përgjithshem UBT - Lipjan UBT - Lipjan Koleksioni i përgjithshem 03/10/2016   336 MCC 002-022895 03/10/2016 Books 03/10/2016
          Koleksioni i përgjithshem UBT - Lipjan UBT - Lipjan Koleksioni i përgjithshem 03/10/2016   336 MCC 002-022896 03/10/2016 Books 03/10/2016
          Koleksioni i përgjithshem UBT - Lipjan UBT - Lipjan Koleksioni i përgjithshem 03/10/2016   336 MCC 002-022897 03/10/2016 Books 03/10/2016
          Koleksioni i përgjithshem UBT - Lipjan UBT - Lipjan Koleksioni i përgjithshem 03/10/2016   336 MCC 002-022898 03/10/2016 Books 03/10/2016
          Koleksioni i përgjithshem UBT - Lipjan UBT - Lipjan Koleksioni i përgjithshem 03/10/2016   336 MCC 002-022899 03/10/2016 Books 03/10/2016
          Koleksioni i përgjithshem UBT - Lipjan UBT - Lipjan Koleksioni i përgjithshem 03/10/2016   336 MCC 002-022900 03/10/2016 Books 03/10/2016
          Koleksioni i përgjithshem UBT - Lipjan UBT - Lipjan Koleksioni i përgjithshem 03/10/2016   336 MCC 002-022901 03/10/2016 Books 03/10/2016
          Koleksioni i përgjithshem UBT - Lipjan UBT - Lipjan Koleksioni i përgjithshem 03/10/2016   336 MCC 002-022902 03/10/2016 Books 03/10/2016
          Koleksioni i përgjithshem UBT - Lipjan UBT - Lipjan Koleksioni i përgjithshem 03/10/2016   336 MCC 002-022903 03/10/2016 Books 03/10/2016
          Koleksioni i përgjithshem UBT - Lipjan UBT - Lipjan Koleksioni i përgjithshem 03/10/2016   336 MCC 002-022904 03/10/2016 Books 03/10/2016
          Koleksioni i përgjithshem UBT - Lipjan UBT - Lipjan Koleksioni i përgjithshem 03/10/2016   336 MCC 002-022905 03/10/2016 Books 03/10/2016
          Koleksioni i përgjithshem UBT - Lipjan UBT - Lipjan Koleksioni i përgjithshem 03/10/2016   336 MCC 002-022906 03/10/2016 Books 03/10/2016
          Koleksioni i përgjithshem UBT - Lipjan UBT - Lipjan Koleksioni i përgjithshem 03/10/2016   336 MCC 002-022907 03/10/2016 Books 03/10/2016
          Koleksioni i përgjithshem UBT - Lipjan UBT - Lipjan Koleksioni i përgjithshem 03/10/2016   336 MCC 002-022908 03/10/2016 Books 03/10/2016
          Koleksioni i përgjithshem UBT - Lipjan UBT - Lipjan Koleksioni i përgjithshem 03/10/2016   336 MCC 002-022909 03/10/2016 Books 03/10/2016
          Koleksioni i përgjithshem UBT - Lipjan UBT - Lipjan Koleksioni i përgjithshem 03/10/2016   336 MCC 002-022910 03/10/2016 Books 03/10/2016
          Koleksioni i përgjithshem UBT - Lipjan UBT - Lipjan Koleksioni i përgjithshem 03/10/2016   336 MCC 002-022911 03/10/2016 Books 03/10/2016
          Koleksioni i përgjithshem UBT - Lipjan UBT - Lipjan Koleksioni i përgjithshem 03/10/2016   336 MCC 002-022912 03/10/2016 Books 03/10/2016
          Koleksioni i përgjithshem UBT - Lipjan UBT - Lipjan Koleksioni i përgjithshem 03/10/2016   336 MCC 002-022913 03/10/2016 Books 03/10/2016
          Koleksioni i përgjithshem UBT - Lipjan UBT - Lipjan Koleksioni i përgjithshem 03/10/2016   336 MCC 002-022914 03/10/2016 Books 03/10/2016
          Koleksioni i përgjithshem UBT - Lipjan UBT - Lipjan Koleksioni i përgjithshem 03/10/2016   336 MCC 002-022915 03/10/2016 Books 03/10/2016
          Koleksioni i përgjithshem UBT - Lipjan UBT - Lipjan Koleksioni i përgjithshem 03/10/2016   336 MCC 002-022916 03/10/2016 Books 03/10/2016
          Koleksioni i përgjithshem UBT - Lipjan UBT - Lipjan Koleksioni i përgjithshem 03/10/2016   336 MCC 002-022917 03/10/2016 Books 03/10/2016
          Koleksioni i përgjithshem UBT - Lipjan UBT - Lipjan Koleksioni i përgjithshem 03/10/2016   336 MCC 002-022918 03/10/2016 Books 03/10/2016
          Koleksioni i përgjithshem UBT - Lipjan UBT - Lipjan Koleksioni i përgjithshem 03/10/2016   336 MCC 002-022919 03/10/2016 Books 03/10/2016
          Koleksioni i përgjithshem UBT - Lipjan UBT - Lipjan Koleksioni i përgjithshem 03/10/2016   336 MCC 002-022920 03/10/2016 Books 03/10/2016
          Koleksioni i përgjithshem UBT - Lipjan UBT - Lipjan Koleksioni i përgjithshem 03/10/2016   336 MCC 002-022921 03/10/2016 Books 03/10/2016
          Koleksioni i përgjithshem UBT - Lipjan UBT - Lipjan Koleksioni i përgjithshem 03/10/2016   336 MCC 002-022922 03/10/2016 Books 03/10/2016
          Koleksioni i përgjithshem UBT - Lipjan UBT - Lipjan Koleksioni i përgjithshem 03/10/2016   336 MCC 002-022923 03/10/2016 Books 03/10/2016
          Koleksioni i përgjithshem UBT - Lipjan UBT - Lipjan Koleksioni i përgjithshem 03/10/2016   336 MCC 002-022924 03/10/2016 Books 03/10/2016
          Koleksioni i përgjithshem UBT - Lipjan UBT - Lipjan Koleksioni i përgjithshem 03/10/2016   336 MCC 002-022925 03/10/2016 Books 03/10/2016
          Koleksioni i përgjithshem UBT - Lipjan UBT - Lipjan Koleksioni i përgjithshem 03/10/2016   336 MCC 002-022926 03/10/2016 Books 03/10/2016
          Koleksioni i përgjithshem UBT - Lipjan UBT - Lipjan Koleksioni i përgjithshem 03/10/2016   336 MCC 002-022927 03/10/2016 Books 03/10/2016
          Koleksioni i përgjithshem UBT - Lipjan UBT - Lipjan Koleksioni i përgjithshem 03/15/2016   336 MCC 002-024002 03/15/2016 Books 03/15/2016
          Koleksioni i përgjithshem UBT - Lipjan UBT - Lipjan Koleksioni i përgjithshem 03/15/2016   336 MCC 002-023360 03/15/2016 Books 03/15/2016
          Koleksioni i përgjithshem UBT - Lipjan UBT - Lipjan Koleksioni i përgjithshem 03/15/2016   336 MCC 002-023433 03/15/2016 Books 03/15/2016
          Koleksioni i përgjithshem UBT - Lipjan UBT - Lipjan Koleksioni i përgjithshem 03/15/2016   336 MCC 002-023434 03/15/2016 Books 03/15/2016
          Koleksioni i përgjithshem UBT - Lipjan UBT - Lipjan Koleksioni i përgjithshem 03/15/2016   336 MCC 002-023435 03/15/2016 Books 03/15/2016
          Koleksioni i përgjithshem UBT - Lipjan UBT - Lipjan Koleksioni i përgjithshem 03/15/2016   336 MCC 002-023436 03/15/2016 Books 03/15/2016
          Koleksioni i përgjithshem UBT - Lipjan UBT - Lipjan Koleksioni i përgjithshem 03/15/2016   336 MCC 002-023437 03/15/2016 Books 03/15/2016
          Koleksioni i përgjithshem UBT - Lipjan UBT - Lipjan Koleksioni i përgjithshem 03/15/2016   336 MCC 002-023438 03/15/2016 Books 03/15/2016
          Koleksioni i përgjithshem UBT - Lipjan UBT - Lipjan Koleksioni i përgjithshem 03/15/2016   336 MCC 002-023439 03/15/2016 Books 03/15/2016
          Koleksioni i përgjithshem UBT - Lipjan UBT - Lipjan Koleksioni i përgjithshem 03/15/2016   336 MCC 002-023440 03/15/2016 Books 03/15/2016
          Koleksioni i përgjithshem UBT - Lipjan UBT - Lipjan Koleksioni i përgjithshem 03/15/2016   336 MCC 002-023441 03/15/2016 Books 03/15/2016
          Koleksioni i përgjithshem UBT - Lipjan UBT - Lipjan Koleksioni i përgjithshem 03/15/2016   336 MCC 002-023442 03/15/2016 Books 03/15/2016
          Koleksioni i përgjithshem UBT - Lipjan UBT - Lipjan Koleksioni i përgjithshem 03/15/2016   336 MCC 002-023443 03/15/2016 Books 03/15/2016
          Koleksioni i përgjithshem UBT - Lipjan UBT - Lipjan Koleksioni i përgjithshem 03/15/2016   336 MCC 002-023444 03/15/2016 Books 03/15/2016
          Koleksioni i përgjithshem UBT - Lipjan UBT - Lipjan Koleksioni i përgjithshem 03/15/2016   336 MCC 002-023445 03/15/2016 Books 03/15/2016
          Koleksioni i përgjithshem UBT - Lipjan UBT - Lipjan Koleksioni i përgjithshem 03/15/2016   336 MCC 002-023446 03/15/2016 Books 03/15/2016
          Koleksioni i përgjithshem UBT - Lipjan UBT - Lipjan Koleksioni i përgjithshem 03/15/2016   336 MCC 002-023447 03/15/2016 Books 03/15/2016
UBT Library © 2015-2024. All rights reserved University Education for Business and Technology